00424nam a2200133 i 4500001000300000100001900003245007400022260001900096700002000115040000800135041000800143008004100151856009800192bg1 aNASILEV, A. M. 0aPoluprovodnikovye fotopreabrazovaleli /cA.M. Nasilev, A.P. Landsman. aMoskva,c1971.1 aLANDSMAN, A. P. cBPK apol s pl f |000 0 pol  uhttp://koha.tu.koszalin.pl/cgi-bin/koha/opac-detail.pl?biblionumber=25532yKatalog online BPK